000 00840nam0a2200253 4500
001 RU\NLR\ONL1\120
005 20250613112923.0
035 _a(NLR Aleph) 009628890
090 _a9480625
_c9480625
100 _a20010216d1879 |||y0rusy50 ca
101 0 _achm
102 _aRU
105 _ay |||||||||
200 1 _aСвященная история Ветхого Завета
_eНа вост.-черемис. наречии
210 _aКазань
_cПравослав. мисионер. о-во
_cТип. Императ. ун-та
_d1879
215 _a124 с.
605 _aБиблия
_iВетхий Завет
_91024157
_3RU\NLR\auth\6674151
686 1 _aЭ37-21
801 0 _aRU
_bNLR
_c20010216
_gPSBO
852 _aNLR
_bОНЛ
_jМар.л./3-1453
942 _cBOOK
980 _aNB